Personnages de "Chicago Police - Statistiques

Statistiques générales
  • Ce quiz a été pris 48 fois
  • Le résultat moyen est 8 sur 10
Statistiques - réponses
Par images Réponse % Correct
Hank Voight
93%
Erin Lindsay
86%
Jay Halstead
83%
Antonio Dawson
81%
Kim Burgess
81%
Trudy Platt
79%
Kevin Atwater
71%
Adam Ruzek
69%
Hailey Upton
69%
Alvin Olinsky
64%
Aucun quiz correspondant
Distribution des résultats
% des personnes avec chaque résultat
Percentile par nombre de réponses
Votre historique - résultats
Vous n’avez pas pris ce quiz